[Event "DEM U12/U12w 2010"]
[Site "Oberhof GER"]
[Date "2010.05.27"]
[Round "8"]
[White "Schröder, Jan-Christian"]
[Black "Donchenko, Alexander"]
[Result "0-1"]
[Termination "normal"]
[Board "1"]
[WhiteElo "1965"]
[BlackElo "2094"]
[PlyCount "94"]
[WhiteFideId "24662259"]
[BlackFideId "24603295"]
[EventCountry "GER"]
[EventRounds "11"]
[EventType "swiss"]
[EventDate "2010.05.22"]

1. e4 c5 2. Nf3 d6 3. d4 cxd4 4. Nxd4 Nf6 5. Nc3 a6 6. Be2 e5 7. Nb3 Be7 8. Bg5
Nbd7 9. a4 h6 10. Be3 Nf8 11. Nd5 Nxd5 12. exd5 Bg5 13. Nd2 Ng6 14. Nc4 O-O 15.
g3 Bh3 16. a5 Qe7 17. Bg4 Bxg4 18. Qxg4 Nf4 19. gxf4 exf4 20. O-O-O fxe3 21.
fxe3 Rac8 22. b3 f5 23. Qg2 Bxe3+ 24. Nxe3 Qxe3+ 25. Kb1 Qc3 26. Rd3 Qe5 27.
Qg6 Rf6 28. Qg2 Rc5 29. Rg1 Rf7 30. Qd2 Re7 31. Rh3 Kh7 32. Rd3 Qe2 33. Rg2
Qf1+ 34. Ka2 Rxa5+ 35. Qxa5 Qxg2 36. Kb2 Re2 37. Qc3 Qxh2 38. Rg3 Rxc2+ 39.
Qxc2 Qxg3 40. Qxf5+ Qg6 41. Qh3 Qe4 42. Qh2 Qg6 43. Ka2 b5 44. Qe2 b4 45. Qd2
a5 46. Qh2 Kg8 47. Qh3 Qc2+ 0-1

[Event "DEM U12/U12w 2010"]
[Site "Oberhof GER"]
[Date "2010.05.27"]
[Round "8"]
[White "Manusina, Nicole"]
[Black "Sawlin, Leonid"]
[Result "0-1"]
[Termination "normal"]
[Board "2"]
[WhiteElo "1789"]
[BlackElo "1865"]
[PlyCount "116"]
[WhiteFideId "24657514"]
[BlackFideId "4689542"]
[EventCountry "GER"]
[EventRounds "11"]
[EventType "swiss"]
[EventDate "2010.05.22"]

1. d4 c5 2. d5 e5 3. e4 d6 4. Bb5+ Nd7 5. a4 a6 6. Be2 g6 7. Nc3 Bg7 8. Nf3 Ne7
9. O-O O-O 10. Nd2 f5 11. exf5 gxf5 12. Nc4 Qc7 13. a5 Ng6 14. Rb1 b5 15. axb6
Nxb6 16. Nxb6 Qxb6 17. Na4 Qa5 18. b3 Bd7 19. Bd2 Qc7 20. Nb2 a5 21. Nc4 Bb5
22. Na3 Bd7 23. Nc4 Rfb8 24. Qe1 a4 25. Ba5 Qa7 26. bxa4 Nf4 27. Rxb8+ Rxb8 28.
Bd2 Nxe2+ 29. Qxe2 Qa6 30. Re1 Bxa4 31. Ne3 Qxe2 32. Rxe2 f4 33. Nf1 Bxc2 34.
Ba5 Bg6 35. Re1 Bf8 36. Rd1 Rb1 37. Rd2 c4 38. Re2 Bd3 39. Re1 Rxe1 40. Bxe1
Be4 41. Bc3 Bxd5 42. Nd2 Kf7 43. f3 Ke6 44. Kf2 Kf5 45. g4+ fxg3+ 46. hxg3 h5
47. Nf1 Bf7 48. Ne3+ Kg5 49. Bd2 Kf6 50. g4 hxg4 51. Nxg4+ Ke6 52. Bb4 Bg7 53.
Ne3 d5 54. Ke2 Bh6 55. Ng4 Bf4 56. Nf2 Bh5 57. Ba5 e4 58. Bc3 Bxf3+ 0-1

[Event "DEM U12/U12w 2010"]
[Site "Oberhof GER"]
[Date "2010.05.27"]
[Round "8"]
[White "Keller, Peter"]
[Black "Grigorian, Spartak"]
[Result "0-1"]
[Termination "normal"]
[Board "3"]
[WhiteElo "1798"]
[BlackElo "1800"]
[PlyCount "80"]
[WhiteFideId "1272105"]
[BlackFideId "24661490"]
[EventCountry "GER"]
[EventRounds "11"]
[EventType "swiss"]
[EventDate "2010.05.22"]

1. e4 e5 2. Nf3 Nc6 3. Bc4 Nf6 4. d3 Bc5 5. O-O d6 6. c3 a6 7. Bb3 Ba7 8. h3 h6
9. Bc2 g5 10. d4 g4 11. Nh4 Nxe4 12. g3 Nf6 13. Nf5 Bxf5 14. Bxf5 Ne7 15. Bxg4
Nxg4 16. Qxg4 Rg8 17. Qh5 Qd7 18. Kg2 O-O-O 19. dxe5 dxe5 20. Qxe5 Ng6 21. Qh5
Qc6+ 22. Kh2 Rd5 23. Qf3 Ne5 24. Qg2 Nd3 25. Na3 Nxf2 26. Rxf2 Bxf2 27. Qxf2
Rd1 28. Qg2 Qxg2+ 29. Kxg2 Re8 30. Rb1 Ree1 31. Bxh6 Rxb1 32. Nxb1 Rxb1 33. h4
Kd7 34. h5 Ke6 35. Bg7 f6 36. h6 Kf7 37. Kf3 Rxb2 38. a3 Rb3 39. Kf4 Rxc3 40.
g4 Rxa3 0-1

[Event "DEM U12/U12w 2010"]
[Site "Oberhof GER"]
[Date "2010.05.27"]
[Round "8"]
[White "Kollars, Dmitrij"]
[Black "Xiong, Ferdinand"]
[Result "1-0"]
[Termination "normal"]
[Board "4"]
[WhiteElo "1611"]
[BlackElo "1901"]
[PlyCount "55"]
[WhiteFideId "12909572"]
[BlackFideId "24654132"]
[EventCountry "GER"]
[EventRounds "11"]
[EventType "swiss"]
[EventDate "2010.05.22"]

1. e4 c5 2. Nc3 g6 3. f4 Bg7 4. Nf3 e6 5. Bc4 a6 6. a4 Ne7 7. d3 d5 8. Ba2 Nbc6
9. O-O O-O 10. Ne2 b5 11. c3 Bb7 12. Qc2 Qb6 13. Be3 d4 14. Bf2 Rac8 15. Qd2
Rfd8 16. cxd4 Nxd4 17. Nexd4 cxd4 18. Bh4 Rd7 19. Ne5 Rdc7 20. Rac1 Nc6 21.
Nxc6 Rxc6 22. f5 Rxc1 23. Rxc1 Rxc1+ 24. Qxc1 exf5 25. exf5 bxa4 26. Qc4 h5 27.
Qxf7+ Kh7 28. f6 1-0

[Event "DEM U12/U12w 2010"]
[Site "Oberhof GER"]
[Date "2010.05.27"]
[Round "8"]
[White "Hirschmann, Jakob"]
[Black "Bentel, Robin"]
[Result "1-0"]
[Termination "normal"]
[Board "6"]
[WhiteElo "1770"]
[BlackElo "1642"]
[PlyCount "89"]
[WhiteFideId "24652067"]
[BlackFideId "12918016"]
[EventCountry "GER"]
[EventRounds "11"]
[EventType "swiss"]
[EventDate "2010.05.22"]

1. e4 Nf6 2. e5 Nd5 3. c4 Nb6 4. d4 d6 5. exd6 exd6 6. Nc3 Be7 7. Bd3 O-O 8.
Nge2 Bg4 9. f3 Bh4+ 10. Ng3 Re8+ 11. Nce2 Bd7 12. O-O Nc6 13. Bf4 Bf6 14. Nh5
g6 15. Nxf6+ Qxf6 16. d5 Nd4 17. Bc1 Ba4 18. Qd2 Nxe2+ 19. Bxe2 Qe7 20. Bd3 f6
21. b3 Bd7 22. Bb2 Qe3+ 23. Qxe3 Rxe3 24. Be4 f5 25. Kf2 Rxe4 26. fxe4 fxe4 27.
Ke3 Bf5 28. Rf4 h5 29. h3 Re8 30. Rg1 Bc8 31. Rxe4 Rxe4+ 32. Kxe4 Nd7 33. Re1
Nc5+ 34. Kd4 Kf7 35. Rf1+ Kg8 36. Bc1 Bf5 37. b4 Nd3 38. Rxf5 gxf5 39. Kxd3 Kf7
40. Ke3 Kf6 41. Kf4 c6 42. Be3 cxd5 43. cxd5 b6 44. b5 Kg6 45. Bd4 1-0

[Event "DEM U12/U12w 2010"]
[Site "Oberhof GER"]
[Date "2010.05.27"]
[Round "8"]
[White "Berkes, Alexander"]
[Black "Bauer, Björn-Benny"]
[Result "0-1"]
[Termination "normal"]
[Board "7"]
[WhiteElo "1610"]
[BlackElo "1821"]
[PlyCount "58"]
[WhiteFideId "12901636"]
[BlackFideId "24698741"]
[EventCountry "GER"]
[EventRounds "11"]
[EventType "swiss"]
[EventDate "2010.05.22"]

1. e4 c5 2. Nf3 Nc6 3. d3 g6 4. g3 Bg7 5. Bg2 d6 6. O-O e5 7. Be3 Nge7 8. c3
O-O 9. d4 exd4 10. cxd4 Bg4 11. dxc5 dxc5 12. Nc3 Nd4 13. Rc1 Nec6 14. Nd5 f5
15. Bxd4 Nxd4 16. exf5 Qxd5 17. Nxd4 Qxd4 18. Bd5+ Kh8 19. Qxd4 Bxd4 20. fxg6
Be2 21. gxh7 Bxf1 22. Rxf1 Kxh7 23. Bxb7 Rab8 24. Be4+ Kg7 25. b3 c4 26. Bc2
Rbe8 27. Bd1 c3 28. g4 Rxf2 29. a4 c2 0-1

[Event "DEM U12/U12w 2010"]
[Site "Oberhof GER"]
[Date "2010.05.27"]
[Round "8"]
[White "Paulsen, Alexej"]
[Black "Hamid, Emran"]
[Result "1/2-1/2"]
[Termination "normal"]
[Board "8"]
[WhiteElo "1549"]
[BlackElo "1700"]
[PlyCount "78"]
[WhiteFideId "24662372"]
[BlackFideId "12903566"]
[EventCountry "GER"]
[EventRounds "11"]
[EventType "swiss"]
[EventDate "2010.05.22"]

1. c4 e5 2. g3 Nf6 3. Bg2 c6 4. d4 e4 5. Bg5 d5 6. Bxf6 Qxf6 7. cxd5 cxd5 8. e3
Nc6 9. a3 Be6 10. Nc3 Rd8 11. Nge2 Be7 12. O-O O-O 13. b4 a6 14. Na4 Rb8 15.
Qb3 Rfd8 16. Nc5 Bxc5 17. bxc5 Na5 18. Qb4 Nc4 19. Rab1 Bg4 20. Nf4 Qf5 21. c6
a5 22. Qc5 bxc6 23. Rxb8 Rxb8 24. Qxc6 Rd8 25. h3 Bf3 26. g4 Qg5 27. Rb1 Bxg2
28. Kxg2 g6 29. Qc7 h5 30. Rb8 Rxb8 31. Qxb8+ Kh7 32. Qc7 Qf6 33. Kf1 hxg4 34.
hxg4 Nxe3+ 35. fxe3 g5 36. Kg2 gxf4 37. exf4 Kg7 38. Qe5 Qxe5 39. dxe5 d4
1/2-1/2

[Event "DEM U12/U12w 2010"]
[Site "Oberhof GER"]
[Date "2010.05.27"]
[Round "8"]
[White "Srokovskiy, Andrea"]
[Black "Bluhm, Sonja Maria"]
[Result "0-1"]
[Termination "normal"]
[Board "9"]
[WhiteElo "1726"]
[BlackElo "1709"]
[PlyCount "56"]
[WhiteFideId "4624947"]
[BlackFideId "24654027"]
[EventCountry "GER"]
[EventRounds "11"]
[EventType "swiss"]
[EventDate "2010.05.22"]

1. d4 Nf6 2. e3 c5 3. c4 g6 4. Nf3 Bg7 5. Bd3 O-O 6. O-O cxd4 7. exd4 d5 8. c5
Nc6 9. b3 Ne4 10. Bb2 Nxc5 11. Qe2 Nxd3 12. Qxd3 Bf5 13. Qe2 Nb4 14. Ne1 Rc8
15. Nd2 Re8 16. a3 Nc2 17. Nxc2 Rxc2 18. Rab1 Bh6 19. Bc1 Qc8 20. a4 Rc3 21.
Ra1 Bd3 22. Qd1 Bxf1 23. Kxf1 Qf5 24. Nf3 Bxc1 25. Rxc1 Rec8 26. Rxc3 Rxc3 27.
h3 Qd3+ 28. Qxd3 Rxd3 0-1

[Event "DEM U12/U12w 2010"]
[Site "Oberhof GER"]
[Date "2010.05.27"]
[Round "8"]
[White "Rempe, Moritz"]
[Black "Wiesner, Paula"]
[Result "1-0"]
[Termination "normal"]
[Board "10"]
[WhiteElo "1631"]
[BlackElo "1863"]
[PlyCount "77"]
[WhiteFideId "12906867"]
[BlackFideId "24654019"]
[EventCountry "GER"]
[EventRounds "11"]
[EventType "swiss"]
[EventDate "2010.05.22"]

1. e4 e5 2. Nf3 Nf6 3. Nxe5 d6 4. Nf3 Nxe4 5. d4 d5 6. Bd3 Be7 7. O-O O-O 8.
Re1 f5 9. c4 c6 10. Qb3 Kh8 11. Nc3 Nxc3 12. bxc3 dxc4 13. Bxc4 Nd7 14. Bf4 Nb6
15. Be6 Bd6 16. Bxd6 Qxd6 17. Ng5 Bxe6 18. Nxe6 Rfe8 19. Ng5 Qd5 20. Nf7+ Kg8
21. Nd6 Rxe1+ 22. Rxe1 Qxb3 23. axb3 g6 24. Nxb7 Kf8 25. g3 Re8 26. Kf1 Rxe1+
27. Kxe1 Ke7 28. Kd2 Ke6 29. c4 Kd7 30. Nc5+ Kd6 31. Nd3 Ke6 32. f4 a5 33. Ne5
Kf6 34. Nxc6 a4 35. bxa4 Nxa4 36. c5 Nb2 37. Ne5 Ke6 38. Kc2 Na4 39. Kb3 1-0

[Event "DEM U12/U12w 2010"]
[Site "Oberhof GER"]
[Date "2010.05.27"]
[Round "8"]
[White "Angrick, Philipp"]
[Black "Perske, Thore"]
[Result "1/2-1/2"]
[Termination "normal"]
[Board "11"]
[WhiteElo "1528"]
[BlackElo "1659"]
[PlyCount "51"]
[WhiteFideId "12912298"]
[BlackFideId "12902195"]
[EventCountry "GER"]
[EventRounds "11"]
[EventType "swiss"]
[EventDate "2010.05.22"]

1. e4 e6 2. d4 d5 3. e5 c5 4. c3 Nc6 5. Nf3 Bd7 6. Nbd2 cxd4 7. cxd4 f6 8. Nb3
fxe5 9. Nxe5 Nxe5 10. dxe5 g6 11. Bd3 Bg7 12. Bf4 Nh6 13. Nd2 Nf7 14. Qe2 Qc7
15. Nf3 Rc8 16. O-O O-O 17. Rac1 Qb6 18. Rfd1 Rxc1 19. Rxc1 Rc8 20. Rc2 Rxc2
21. Qxc2 Qc6 22. Qxc6 Bxc6 23. Bc2 Kf8 24. Kf1 Ke7 25. Ke2 Bb5+ 26. Bd3 1/2-1/2

[Event "DEM U12/U12w 2010"]
[Site "Oberhof GER"]
[Date "2010.05.27"]
[Round "8"]
[White "Richter, Leonard"]
[Black "Birnkraut, Tim"]
[Result "1-0"]
[Termination "normal"]
[Board "12"]
[WhiteElo "1816"]
[BlackElo "1686"]
[PlyCount "117"]
[WhiteFideId "12900290"]
[BlackFideId "24609587"]
[EventCountry "GER"]
[EventRounds "11"]
[EventType "swiss"]
[EventDate "2010.05.22"]

1. e4 e5 2. Nf3 Nc6 3. d4 exd4 4. Bc4 Nf6 5. e5 d5 6. Bb5 Ne4 7. Nxd4 Bd7 8.
Bxc6 bxc6 9. O-O Bc5 10. Be3 Qe7 11. f3 Nd6 12. f4 Nf5 13. Bf2 Nxd4 14. Bxd4
Bf5 15. c3 O-O 16. Nd2 Bxd4+ 17. cxd4 c5 18. Nb3 cxd4 19. Qxd4 Be4 20. Nc5 Rab8
21. b3 Rfd8 22. Nxe4 dxe4 23. Qxe4 Qc5+ 24. Kh1 Qd5 25. Qxd5 Rxd5 26. Rfd1 Rbd8
27. Rxd5 Rxd5 28. h3 Kf8 29. Rc1 c5 30. Kg1 Ke7 31. Kf2 Rd2+ 32. Kf3 Rxa2 33.
Rxc5 Ra3 34. Rc7+ Ke6 35. Ke4 f5+ 36. Kd4 Rxb3 37. Rxa7 Rb4+ 38. Ke3 Rb3+ 39.
Kf2 Rb2+ 40. Kg3 g5 41. fxg5 Kxe5 42. Re7+ Kd6 43. Rxh7 Ke6 44. Rh6+ Kf7 45.
Rf6+ Kg7 46. Rxf5 Kg6 47. Rf2 Rb3+ 48. Kg4 Rb4+ 49. Rf4 Rb5 50. h4 Ra5 51. h5+
Kg7 52. h6+ Kg8 53. Kh5 Ra7 54. g6 Ra5+ 55. Kg4 Ra8 56. Kg5 Kh8 57. h7 Kg7 58.
Rf7+ Kh8 59. Kh6 1-0

[Event "DEM U12/U12w 2010"]
[Site "Oberhof GER"]
[Date "2010.05.27"]
[Round "8"]
[White "Mager, Denis"]
[Black "Damm, Nils"]
[Result "1/2-1/2"]
[Termination "normal"]
[Board "13"]
[WhiteElo "1538"]
[BlackElo "1639"]
[PlyCount "99"]
[WhiteFideId "24691127"]
[BlackFideId "24693065"]
[EventCountry "GER"]
[EventRounds "11"]
[EventType "swiss"]
[EventDate "2010.05.22"]

1. d4 g6 2. c4 Bg7 3. e4 d6 4. Nc3 a6 5. Nf3 Bg4 6. Be3 c6 7. Be2 Nd7 8. O-O b5
9. Nd2 Bxe2 10. Qxe2 b4 11. Nd1 a5 12. f4 c5 13. Qf2 cxd4 14. Bxd4 Bxd4 15.
Qxd4 Qb6 16. Nf3 Qxd4+ 17. Nxd4 Rc8 18. b3 Ngf6 19. Nf2 Nc5 20. Rfe1 e5 21. Nb5
Ke7 22. Rad1 Rc6 23. Nxd6 Rxd6 24. fxe5 Rxd1 25. exf6+ Kxf6 26. Rxd1 Ke6 27.
Rd5 Rc8 28. Kf1 a4 29. bxa4 Nxa4 30. Ra5 Nc3 31. Ra6+ Ke7 32. Ra7+ Kf8 33. Nd3
Rxc4 34. Rxf7+ Kxf7 35. Ne5+ Ke6 36. Nxc4 Nxa2 37. Ke2 Nc3+ 38. Kd3 Nb5 39. Nd2
Nd6 40. Kd4 h6 41. g3 g5 42. g4 Nb5+ 43. Kc4 Nd6+ 44. Kd4 Nb5+ 45. Kc4 Nc3 46.
Kxb4 Nd1 47. Kc4 Ne3+ 48. Kd4 Nxg4 49. Nf3 Nf6 50. Ne5 1/2-1/2

[Event "DEM U12/U12w 2010"]
[Site "Oberhof GER"]
[Date "2010.05.27"]
[Round "8"]
[White "Bardosch, Karl"]
[Black "Flüchter, Gregor"]
[Result "0-1"]
[Termination "normal"]
[Board "14"]
[WhiteElo "1450"]
[BlackElo "1721"]
[PlyCount "110"]
[WhiteFideId "24696480"]
[BlackFideId "12903396"]
[EventCountry "GER"]
[EventRounds "11"]
[EventType "swiss"]
[EventDate "2010.05.22"]

1. e4 c5 2. Nf3 d6 3. d4 cxd4 4. Nxd4 Nf6 5. Nc3 a6 6. Be2 e5 7. Nb3 Be7 8. Be3
Be6 9. f3 d5 10. exd5 Nxd5 11. Nxd5 Bxd5 12. Qd2 O-O 13. O-O-O Be6 14. Qxd8
Rxd8 15. Rxd8+ Bxd8 16. Nc5 Bb6 17. Kd2 Bf5 18. Bd3 Bxd3 19. Nxd3 Bxe3+ 20.
Kxe3 Nc6 21. Re1 Rc8 22. c3 f6 23. f4 exf4+ 24. Kxf4 Kf7 25. Nc5 b6 26. Ne4 Rd8
27. Kf3 Ne5+ 28. Ke2 Nc4 29. b3 Ne5 30. h3 Kg6 31. Nf2 Re8 32. Kd2 Kf7 33. Nd3
Rd8 34. Re3 Nxd3 35. Rxd3 Rxd3+ 36. Kxd3 Ke6 37. Kd4 h5 38. c4 Kd6 39. a4 a5
40. g3 g5 41. g4 h4 42. Ke4 Ke6 43. Kf3 f5 44. gxf5+ Kxf5 45. b4 axb4 46. c5 b3
47. c6 Ke6 48. Kg4 b2 49. Kxg5 b1=Q 50. Kxh4 Qe4+ 51. Kg5 Qg2+ 52. Kh4 Qxc6 53.
Kg5 Qxa4 54. h4 Qd4 55. h5 b5 0-1

[Event "DEM U12/U12w 2010"]
[Site "Oberhof GER"]
[Date "2010.05.27"]
[Round "8"]
[White "Reimers, Juri"]
[Black "Walter, Kevin"]
[Result "1/2-1/2"]
[Termination "normal"]
[Board "15"]
[WhiteElo "1688"]
[BlackElo "1777"]
[PlyCount "77"]
[WhiteFideId "24661511"]
[BlackFideId "12906654"]
[EventCountry "GER"]
[EventRounds "11"]
[EventType "swiss"]
[EventDate "2010.05.22"]

1. e4 c5 2. c3 Nf6 3. e5 Nd5 4. d4 cxd4 5. Nf3 Nc6 6. cxd4 d6 7. exd6 Qxd6 8.
Nc3 e6 9. Be2 Be7 10. O-O O-O 11. Be3 Rd8 12. Rc1 b6 13. Qd2 Bb7 14. Bb5 Rac8
15. a3 Na5 16. Ne4 Qb8 17. Qd3 Nf4 18. Bxf4 Qxf4 19. Rxc8 Rxc8 20. Ned2 Qc7 21.
b4 Nc6 22. Rc1 Qd6 23. Rc3 Nd8 24. Rxc8 Bxc8 25. Ba6 Qc6 26. Bxc8 Qxc8 27. Qc4
Qb7 28. Ne5 b5 29. Qc3 Qd5 30. Qc7 Bf6 31. Ndf3 Bxe5 32. Qxe5 Qxe5 33. Nxe5 f6
34. Nf3 Kf7 35. Kf1 Ke7 36. Ke2 Kd6 37. Kd3 Kd5 38. Nd2 Nc6 39. Ne4 1/2-1/2

[Event "DEM U12/U12w 2010"]
[Site "Oberhof GER"]
[Date "2010.05.27"]
[Round "8"]
[White "Bach, Jannik"]
[Black "Kaplun, David"]
[Result "0-1"]
[Termination "normal"]
[Board "16"]
[WhiteElo "1680"]
[BlackElo "1787"]
[PlyCount "120"]
[WhiteFideId "24615900"]
[BlackFideId "12901954"]
[EventCountry "GER"]
[EventRounds "11"]
[EventType "swiss"]
[EventDate "2010.05.22"]

1. e4 c5 2. Nf3 e6 3. b3 a6 4. Bb2 d6 5. g3 Nd7 6. Bg2 Qc7 7. d3 Ngf6 8. O-O
Be7 9. Nbd2 Rb8 10. Qe2 O-O 11. h3 b5 12. Nh2 d5 13. exd5 exd5 14. Qxe7 Re8 15.
Bxf6 Rxe7 16. Bxe7 Bb7 17. Bg5 Re8 18. Rae1 Rxe1 19. Rxe1 h6 20. Bf4 Qc8 21.
Ng4 Nf8 22. Nf3 Ne6 23. Bd2 c4 24. Rc1 c3 25. Be3 d4 26. Nxd4 Nxd4 27. Bxd4
Bxg2 28. Kxg2 Qc7 29. a4 bxa4 30. bxa4 Qb7+ 31. f3 Qb4 32. Be3 Qxa4 33. Ne5 a5
34. Nc4 Qb4 35. Kf2 a4 36. Ke2 a3 37. Kd1 a2 38. Bd4 g5 39. f4 gxf4 40. gxf4 f5
41. h4 h5 42. Be5 Qb7 43. Bxc3 Qh1+ 44. Kd2 Qg2+ 45. Ke3 Qg3+ 46. Ke2 Qxf4 47.
Rg1+ Kf8 48. Be5 Qxh4 49. Nd6 Qa4 50. Kd2 Qa5+ 51. Bc3 Qc5 52. Rf1 Qxd6 53.
Rxf5+ Ke8 54. Ra5 Qf4+ 55. Kd1 Qf1+ 56. Kd2 Qf4+ 57. Kd1 Qg4+ 58. Kc1 h4 59.
Kb2 h3 60. Be5 Qb4+ 0-1

[Event "DEM U12/U12w 2010"]
[Site "Oberhof GER"]
[Date "2010.05.27"]
[Round "8"]
[White "Engert, Marvin"]
[Black "Berkov, Mikhail"]
[Result "1-0"]
[Termination "normal"]
[Board "17"]
[WhiteElo "1612"]
[BlackElo "1840"]
[PlyCount "97"]
[WhiteFideId "12901164"]
[BlackFideId "24678783"]
[EventCountry "GER"]
[EventRounds "11"]
[EventType "swiss"]
[EventDate "2010.05.22"]

1. e4 e5 2. Nf3 Nc6 3. Bc4 Bc5 4. b4 Bxb4 5. c3 Ba5 6. d4 d6 7. O-O Bb6 8. dxe5
dxe5 9. Qxd8+ Nxd8 10. Nxe5 Be6 11. Ba3 Bxc4 12. Nxc4 Ne6 13. Nbd2 Bc5 14. Bxc5
Nxc5 15. Nb3 Nxb3 16. axb3 Nf6 17. Rad1 Ke7 18. Na5 Rab8 19. Rfe1 Rhd8 20. h3
Rxd1 21. Rxd1 Nd7 22. b4 Ne5 23. f4 Nc6 24. Nxc6+ bxc6 25. Ra1 Ra8 26. Ra6 Kd7
27. Kf2 f6 28. Ke3 c5 29. bxc5 Rb8 30. Ra2 Rb5 31. Kd4 Rb7 32. e5 fxe5+ 33.
Kxe5 c6 34. Ra6 Rc7 35. f5 Ke7 36. g4 Kd7 37. g5 Ke7 38. f6+ gxf6+ 39. gxf6+
Kd7 40. h4 Rb7 41. h5 Rc7 42. Ra4 Rb7 43. Rg4 Ke8 44. Rg7 Rxg7 45. fxg7 Kf7 46.
h6 Kg8 47. Kd4 Kf7 48. Kc4 a5 49. Kb3 1-0

[Event "DEM U12/U12w 2010"]
[Site "Oberhof GER"]
[Date "2010.05.27"]
[Round "8"]
[White "Bilchinski, Anton"]
[Black "Hartmann, Jakob"]
[Result "1/2-1/2"]
[Termination "normal"]
[Board "18"]
[WhiteElo "1727"]
[BlackElo "1402"]
[PlyCount "125"]
[WhiteFideId "24615765"]
[BlackFideId "12918067"]
[EventCountry "GER"]
[EventRounds "11"]
[EventType "swiss"]
[EventDate "2010.05.22"]

1. c4 e5 2. Nc3 Nf6 3. g3 Bc5 4. Bg2 O-O 5. e3 Nc6 6. Nge2 Be7 7. O-O d6 8. d4
exd4 9. exd4 a6 10. h3 Na7 11. b3 Bd7 12. Nf4 c6 13. d5 c5 14. a4 b5 15. axb5
axb5 16. Qd3 b4 17. Ne4 Nxe4 18. Bxe4 h6 19. Bb2 Bf6 20. Bxf6 Qxf6 21. Bg2 Rfb8
22. Qd2 Nc8 23. Ra2 Rxa2 24. Qxa2 Rb7 25. Qc2 Qc3 26. Rc1 Qe5 27. Nd3 Qf6 28.
Nb2 Ra7 29. Na4 Bxa4 30. bxa4 Nb6 31. Re1 Qd8 32. Ra1 Qa8 33. Qc1 Rxa4 34. Rb1
Ra3 35. Bf1 Rc3 36. Qf4 Qa2 37. Re1 Qa8 38. Qxd6 Nxc4 39. Qd7 Kh7 40. Bd3+ Rxd3
41. Qf5+ Kg8 42. Qxd3 Nd6 43. Qb3 Qa3 44. Qxa3 bxa3 45. Ra1 Nb5 46. Kf1 Kf8 47.
d6 Ke8 48. Ke2 Kd7 49. Kd3 Kxd6 50. Kc4 Kc6 51. Kb3 f5 52. Re1 Nd4+ 53. Kc3 Kd6
54. Re8 Ne6 55. Ra8 Ng5 56. Rxa3 Ne4+ 57. Kc4 Nxf2 58. Ra6+ Ke5 59. h4 Ne4 60.
Rg6 f4 61. gxf4+ Kxf4 62. Rxg7 Kf5 63. Kd5 1/2-1/2

[Event "DEM U12/U12w 2010"]
[Site "Oberhof GER"]
[Date "2010.05.27"]
[Round "8"]
[White "Schwarz, Larissa"]
[Black "Sabirov, Ramil"]
[Result "1-0"]
[Termination "normal"]
[Board "19"]
[WhiteElo "1526"]
[BlackElo "1584"]
[PlyCount "85"]
[WhiteFideId "24699004"]
[BlackFideId "12900303"]
[EventCountry "GER"]
[EventRounds "11"]
[EventType "swiss"]
[EventDate "2010.05.22"]

1. e4 c5 2. c3 Nf6 3. e5 Nd5 4. d4 cxd4 5. Nf3 e6 6. cxd4 d6 7. Bd3 Be7 8. a3
Nc6 9. O-O O-O 10. Nbd2 a6 11. Qc2 g6 12. Nc4 dxe5 13. Ncxe5 Nxe5 14. dxe5 Bd7
15. Bh6 Re8 16. Rac1 Qb6 17. Be4 Bc6 18. Qd2 Red8 19. Qc2 Rac8 20. Qb1 a5 21.
Ng5 Nf4 22. Bxc6 Rxc6 23. Nf3 Ne2+ 24. Kh1 Nxc1 25. Bxc1 Bxa3 26. Bg5 f6 27.
exf6 Bd6 28. f7+ Kxf7 29. Bxd8 Qxd8 30. Re1 Qf6 31. Qa2 Bb4 32. Rf1 Rc2 33. Qa4
Rxb2 34. Qd7+ Be7 35. Re1 b5 36. h3 a4 37. Rxe6 Rb1+ 38. Kh2 Qf4+ 39. g3 Qxf3
40. Rxe7+ Kg8 41. Rg7+ Kh8 42. Rxh7+ Kg8 43. Qg7# 1-0

[Event "DEM U12/U12w 2010"]
[Site "Oberhof GER"]
[Date "2010.05.27"]
[Round "8"]
[White "Kasel, Ronaldo"]
[Black "Weber, Sandra"]
[Result "0-1"]
[Termination "normal"]
[Board "20"]
[WhiteElo "1575"]
[BlackElo "1350"]
[PlyCount "58"]
[WhiteFideId "24660949"]
[BlackFideId "1270049"]
[EventCountry "GER"]
[EventRounds "11"]
[EventType "swiss"]
[EventDate "2010.05.22"]

1. Nf3 Nf6 2. d4 g6 3. c4 Bg7 4. Nc3 O-O 5. e4 d6 6. Bd3 e5 7. d5 Nbd7 8. b4
Nh5 9. O-O f5 10. Ng5 Ndf6 11. Qb3 Kh8 12. c5 f4 13. h4 h6 14. Nf3 Nh7 15. Be2
Bg4 16. Re1 Bxf3 17. Bxf3 Qxh4 18. Bxh5 gxh5 19. Nb5 Qe7 20. Ba3 a6 21. Nc3 f3
22. Kf1 fxg2+ 23. Kxg2 Qg5+ 24. Kf1 Qg4 25. Qc2 Qh3+ 26. Kg1 Ng5 27. Re3 Nf3+
28. Rxf3 Rxf3 29. Nb1 Rg8 0-1

[Event "DEM U12/U12w 2010"]
[Site "Oberhof GER"]
[Date "2010.05.27"]
[Round "8"]
[White "Essler, Oskar"]
[Black "Lemke, Berfîn"]
[Result "1-0"]
[Termination "normal"]
[Board "21"]
[WhiteElo "1568"]
[BlackElo "1318"]
[PlyCount "47"]
[WhiteFideId "12918024"]
[BlackFideId "1270578"]
[EventCountry "GER"]
[EventRounds "11"]
[EventType "swiss"]
[EventDate "2010.05.22"]

1. e4 Nc6 2. f4 d5 3. exd5 Qxd5 4. Nc3 Qd6 5. d3 Nf6 6. Nf3 e5 7. fxe5 Nxe5 8.
Qe2 Be7 9. Qxe5 Qxe5+ 10. Nxe5 O-O 11. Bd2 Re8 12. O-O-O Be6 13. a3 c6 14. h3
Nh5 15. g4 Nf6 16. Bg2 Rad8 17. Rde1 Nd7 18. Nxd7 Rxd7 19. Ne4 Bd5 20. Nc5 Bxg2
21. Nxd7 Bxh1 22. Rxh1 Bd6 23. Re1 Rd8 24. Ne5 1-0

[Event "DEM U12/U12w 2010"]
[Site "Oberhof GER"]
[Date "2010.05.27"]
[Round "8"]
[White "Scholz, Robert"]
[Black "Knorre, Jonas"]
[Result "1/2-1/2"]
[Termination "normal"]
[Board "22"]
[WhiteElo "1599"]
[BlackElo "1733"]
[PlyCount "32"]
[WhiteFideId "1270301"]
[BlackFideId "24696900"]
[EventCountry "GER"]
[EventRounds "11"]
[EventType "swiss"]
[EventDate "2010.05.22"]

1. e4 c5 2. Nc3 Nc6 3. Bb5 g6 4. Bxc6 dxc6 5. d3 Bg7 6. f4 e6 7. Nf3 Ne7 8. O-O
O-O 9. Qe1 b6 10. Qh4 Ba6 11. f5 exf5 12. Bh6 fxe4 13. Ng5 Nf5 14. Rxf5 gxf5
15. Bxg7 Kxg7 16. Qxh7+ Kf6 1/2-1/2

[Event "DEM U12/U12w 2010"]
[Site "Oberhof GER"]
[Date "2010.05.27"]
[Round "8"]
[White "Peters, Tom"]
[Black "Nobis, Anna"]
[Result "1-0"]
[Termination "normal"]
[Board "23"]
[WhiteElo "1551"]
[BlackElo "1428"]
[PlyCount "65"]
[WhiteFideId "24694444"]
[BlackFideId "1270302"]
[EventCountry "GER"]
[EventRounds "11"]
[EventType "swiss"]
[EventDate "2010.05.22"]

1. e4 c5 2. Nf3 a6 3. c3 d6 4. d4 cxd4 5. cxd4 Nf6 6. Nc3 e6 7. Bd3 Be7 8. O-O
O-O 9. Qc2 h6 10. Bf4 Nc6 11. a3 Qc7 12. Ne2 Bd7 13. Rac1 b5 14. Qd2 Qb7 15. h3
b4 16. e5 dxe5 17. dxe5 Nd5 18. Bxh6 gxh6 19. Qxh6 f5 20. Qg6+ Kh8 21. Ng3 Bd8
22. Nh5 Bc8 23. Rxc6 bxa3 24. Rxc8 Rxc8 25. Bxa6 Qc7 26. Bxc8 Nf4 27. Nxf4 Qxc8
28. Nxe6 Qb7 29. Qh6+ Kg8 30. Qxf8+ Kh7 31. Nxd8 Qb6 32. Qxf5+ Kh6 33. Ne6 1-0